كتاب الشريعة الإسلامية : (Record no. 24580)
[ view plain ]
| 000 -الفاتح | |
|---|---|
| حقل البيانات ثابتة الطول | 02380nam a22003735a 4500 |
| 003 - محدد رقم الضبط | |
| رقم الضبط | OSt |
| 005 - وقت وتاريخ اخر تعامل مع التسجيلة | |
| رقم الضبط | 20170402123518.0 |
| 008 - عناصر البيانات ثابتة الطول - معلومات عامة | |
| حقل البيانات ثابتة الطول | 170402s2016 ua frb 000 0 ara d |
| 015 ## - | |
| -- | 2013 / 11246 |
| 020 ## - الرقم الدولى المعيارى للكتب | |
| الرقم الدولى المعيارى للكتاب | 9789773153656 |
| 040 ## - مصدر الفهرسة | |
| وكالة الفهرسة الأصلية | EG-ScBUE |
| لغة الفهرسة | ara |
| وكالة النسخ | EG-ScBUE |
| 043 ## - رمز المنطقة الجغرافية | |
| رمز المنطقة الجغرافية | f-ua--- |
| 082 04 - رقم تصنيف ديوى العشرى | |
| رقم التصنيف | 346.62015 |
| رقم المادة | ح س ي |
| رقم الطبعة | 22 |
| 100 1# - المدخل الرئيسى - إسم شخصى | |
| الإسم الشخصى | حسيني، أحمد إبراهيم إبراهيم، |
| التواريخ المصاحبة للاسم | 1945-1874. |
| 245 10 - بيان العنوان | |
| العنوان | كتاب الشريعة الإسلامية : |
| بقية العنوان | الأحوال الشخصية : الأهلية وعوارضها وأحكام التصرف عن الغير : الولاية، الوصاية، القوامة، المساعدة القضائية، الوكالة، الفضالة في الشريعة الإسلامية والقانون : معلقا عليها بأحكام المحكمة الدستورية العليا ومحكمة النقض / |
| بيان المسئوليه,etc | من قلم أحمد إبراهيم بك، واصل علاء الدين أحمد إبراهيم. |
| 246 34 - العنوان الموازى | |
| عنوان صحيح/عنوان مختصر | كتاب الأهلية وعوارضها وأحكام التصرف عن الغير : |
| بقية العنوان | الولاية، الوصاية، القوامة، المساعدة القضائية، الوكالة، الفضالة في الشريعة الإسلامية والقانون : معلقا عليها بأحكام المحكمة الدستورية العليا ومحكمة النقض |
| 246 30 - العنوان الموازى | |
| عنوان صحيح/عنوان مختصر | الأهلية وعوارضها وأحكام التصرف عن الغير |
| 246 30 - العنوان الموازى | |
| عنوان صحيح/عنوان مختصر | الأحوال الشخصية |
| 260 ## - PUBLICATION, DISTRIBUTION, ETC. (IMPRINT) | |
| مكان الناشر او الموزع | القاهرة : |
| اسم الناشر او الموزع | المكتبة ألأزهرية للتراث، |
| تاريخ النشر أو التوزيع | 2016. |
| 300 ## - الوصف المادى | |
| التعداد | 551 ص. ؛ |
| أبعاد الوعاء | 24 سم. |
| 504 ## - تبصرة ببليوجرافية | |
| تبصرة ببليوجرافية,الخ | يشتمل على إرجاعات ببليوجرافية. |
| 610 17 - المدخل الاضافى بالموضوع-اسم هيئة | |
| اسم الهيئة أو اسم السلطة كمدخل | مصر. |
| وحده ملحقة | المحكمة الدستورية العليا. |
| مصدر الرأس أو المصطلح | BUEsh |
| 9 (RLIN) | 41178 |
| 610 17 - المدخل الاضافى بالموضوع-اسم هيئة | |
| اسم الهيئة أو اسم السلطة كمدخل | مصر. |
| وحده ملحقة | محكمة النقض. |
| مصدر الرأس أو المصطلح | BUEsh |
| 9 (RLIN) | 40940 |
| 650 #7 - المدخل الاضافى بالموضوع-مصطلح موضوعى | |
| مصطلح موضوعي أو اسم جغرافي كعنصر مدخل | الأهلية (فقه إسلامي) |
| مصدر الرأس أو المصطلح | BUEsh |
| 650 #7 - المدخل الاضافى بالموضوع-مصطلح موضوعى | |
| مصطلح موضوعي أو اسم جغرافي كعنصر مدخل | الولاية (فقه إسلامي) |
| مصدر الرأس أو المصطلح | BUEsh |
| 650 #7 - المدخل الاضافى بالموضوع-مصطلح موضوعى | |
| مصطلح موضوعي أو اسم جغرافي كعنصر مدخل | الأحوال الشخصية |
| التقسيم الفرعي العام | قوانين وتشريعات |
| التقسيم الفرعي الجغرافي | مصر. |
| مصدر الرأس أو المصطلح | BUEsh |
| 650 #7 - المدخل الاضافى بالموضوع-مصطلح موضوعى | |
| مصطلح موضوعي أو اسم جغرافي كعنصر مدخل | الأحوال الشخصية (فقه إسلامي) |
| مصدر الرأس أو المصطلح | BUEsh |
| 651 ## - المدخل الاضافى بالموضوع - اسم جغرافى | |
| مصدر الرأس أو المصطلح | BUEsh |
| 653 ## - مصطلح تكشيفى غير مقيد | |
| Resource For college | Law |
| Arrived date list | April2017 |
| 700 1# - المدخل الاضافى - اسم شخصى | |
| الإسم الشخصى | إبراهيم، واصل علاء الدين أحمد. |
| 740 22 - المدخل الاضافى - عنوان مرتبط/تحليلى غير مقيد | |
| العنوان التحليلي/ الرابط غير مقيد | الأهلية وعوارضها والولاية. |
| 740 02 - المدخل الاضافى - عنوان مرتبط/تحليلى غير مقيد | |
| العنوان التحليلي/ الرابط غير مقيد | أحكام التصرف عن الغير. |
| 942 ## - عناصر المدخل الإضافي( كوها) | |
| مصدر التصنيف او مخطط الترفيف | Dewey Decimal Classification |
| حالة التراجع | حالة الفقد | مصدر التصنيف او خطة الترفيف | حالة تلف | ليس للاعارة | مجموعات كوها | المكان الدائم | المكان الحالي | موقع الترفيف | تاريخ الاكتساب | Source of acquisition | سعر الشراء الطبيعي | تعداد مسلسل / التسلسل الزمني | رقم الاستدعاء | الباركود | Date last seen | مُعار | التكلفة | نوع الوعاء |
|---|---|---|---|---|---|---|---|---|---|---|---|---|---|---|---|---|---|---|
| Dewey Decimal Classification | دار النهضة العربية | Central Library | Central Library | First floor | 02/04/2017 | Purchase | 60.00 | 2815 | 346.62015 ح س ي | 000045968 | 15/07/2025 | 25/11/2024 | 75.00 | Book - Borrowing | ||||
| Dewey Decimal Classification | دار النهضة العربية | Central Library | Central Library | First floor | 02/04/2017 | Purchase | 60.00 | 2815 | 346.62015 ح س ي | 000045969 | 15/07/2025 | 04/04/2023 | 75.00 | Book - Borrowing |